00429 a2200121 4500003000400000005001700004008004100021040000900062082001700071100003400088245017600122300000900298OSt20231109153939.0231109b |||||||| |||| 00| 0 eng d coclc a910.4bPUR/H1 aPurchas, Samuel,d1577?-1626. aHakluytus posthumus, or, Purchas his Pilgrimes: : bcontayning a history of the world in sea voyages and lande travells by Englishmen and others, / Vol Xc Samuel Purchas, a525p